Aandhiyo dheere chalo/ (Record no. 161699)

000 -LEADER
fixed length control field 00286nam a22001337a 4500
020 ## - INTERNATIONAL STANDARD BOOK NUMBER
International Standard Book Number
082 ## - DEWEY DECIMAL CLASSIFICATION NUMBER
Classification number
Item number
100 ## - MAIN ENTRY--PERSONAL NAME
Personal name Kunwar Bechain
245 ## - TITLE STATEMENT
Title Aandhiyo dheere chalo/
Statement of responsibility, etc. by Kunwar Bechain.
260 ## - PUBLICATION, DISTRIBUTION, ETC.
Place of publication, distribution, etc. New Delhi:
Name of publisher, distributor, etc. Vani,
Date of publication, distribution, etc. 2011.
300 ## - PHYSICAL DESCRIPTION
Extent 125p.
650 ## - SUBJECT ADDED ENTRY--TOPICAL TERM
Topical term or geographic name entry element
942 ## - ADDED ENTRY ELEMENTS (KOHA)
Koha item type Book
Holdings
Withdrawn status Lost status Damaged status Not for loan Permanent Location Current Location Shelving location Date acquired Cost, normal purchase price Total Checkouts Barcode Date last seen Price effective from Koha item type
        RC Thiruvananthapuram RC Thiruvananthapuram   08.10.2018 150.00   TV005512 08.10.2018 08.10.2018 Book